DASHA AVATAR/SHIV PARVATI (Record no. 390460)

MARC details
000 -LEADER
fixed length control field 00320nam a2200133Ia 4500
008 - FIXED-LENGTH DATA ELEMENTS--GENERAL INFORMATION
fixed length control field 100122s9999 xx 000 0 und d
082 ## - DEWEY DECIMAL CLASSIFICATION NUMBER
Item number 14690
Classification number 50
245 ## - TITLE STATEMENT
Title DASHA AVATAR/SHIV PARVATI
250 ## - EDITION STATEMENT
Edition statement 1
300 ## - PHYSICAL DESCRIPTION
Extent 60
630 ## - SUBJECT ADDED ENTRY--UNIFORM TITLE
Uniform title DASHA AVATAR/SHIV PARVATI
730 ## - ADDED ENTRY--UNIFORM TITLE
Uniform title DASHA AVATAR/SHIV PARVATI
942 ## - ADDED ENTRY ELEMENTS (KOHA)
Koha item type Book
Holdings
Withdrawn status Lost status Damaged status Not for loan Home library Current library Date acquired Cost, normal purchase price Total Checkouts Full call number Barcode Date last seen Cost, replacement price Price effective from Koha item type Public note
        S.V. Pathak Library, Vile Parle S.V. Pathak Library, Vile Parle 10/25/2008 40.00   14690 SVPPARLE-14690 01/25/2010 40.00 01/25/2010 Book ", , ,"